000 00534nam a2200217Ia 4500
008 210210b1978 xxu||||| |||| 00| 0 eng d
082 _a820.33 KHAY
100 _aKHANDEKAR (V S)
245 _aYayati: a classic tale of lust
260 _aNew Delhi
_bOrient Paperbacks, Division Books Pvt Ltd.,
_c1978
300 _a251
650 _aYayati
650 _aTr from Kannada
650 _atale
650 _aof
650 _alust
650 _aclassic
650 _aa
690 _aIndian English Fiction
906 _aSG01744
999 _c112824
_d112824